[Event "IND-chB (Women) 41st"]
[Site "Mapusa"]
[Date "2014.09.11"]
[Round "7"]
[White "Tarini, Goyal"]
[Black "Matta, Theja Sahithi"]
[Result "1-0"]
[WhiteElo "1854"]
[BlackElo "1580"]
[PlyCount "73"]
[EventDate "2014.09.07"]
[EventType "swiss"]
[EventRounds "11"]
[EventCountry "IND"]
[SourceTitle "CBM 162 Extra"]
[Source "ChessBase"]
[SourceDate "2014.10.17"]
[SourceVersion "1"]
[SourceVersionDate "2014.10.17"]
[SourceQuality "1"]

1. d4 d5 2. c4 c6 3. Nf3 Nf6 4. e3 g6 5. Nc3 Bg7 6. Bd3 0-0 7. 0-0 e6 8. b4 dxc4 9. Bxc4 Nd5 10. Qb3 Nxc3 11. Qxc3 Nd7 12. Be2 Re8 13. Rd1 Qe7 14. Bb2 e5 15. dxe5 Nxe5 16. Nxe5 Qxe5 17. Qxe5 Bxe5 18. Bxe5 Rxe5 19. Rd8+ Kg7 20. Rad1 a5 21. b5 c5 22. h3 Re6 23. Bc4 Re7 24. b6 Re4 25. Bb5 Rb4 26. Bd7 Bxd7 27. Rxa8 Be6 28. Rxa5 c4 29. a4 c3 30. Rc5 Bb3 31. Rb1 Rc4 32. Rxc4 Bxc4 33. Rc1 Bb3 34. Rxc3 Bxa4 35. Rc7 Bc6 36. Rxc6 bxc6 37. b7 1-0